عرض عادي
عرض مارك
- Authors, Irish
مدخل مصطلح موضوعي
001 - رقم الضبط
- حقل الضبط: 8091
003 - معرف رقم الضبط
- حقل الضبط: OSt
005 - تاريخ ووقت أخر عملية
- حقل الضبط: 20111213144816.0
008 - عناصر بيانات ثابتة الطول
- حقل تحكم ثابت الطول: 111213|||a|||||| | ||| d
040 ## - مصدر الفهرسة
- هيئة الفهرسة الأصلية: OSt
- وكالة الكتابة: OSt
150 ## - مدخل-- مصطلح تاريخي
- عنصر مدخل المصطلح الموضوعي او الاسم الجغرافي: Authors, Irish
- تقسيم فرعي تاريخي: 19th century
- تفريع شكلي: Biography.
670 ## - بيانات المصدر موجوده
- الاستشهاد بالمصدر: Work cat.: (OSt)20773: Sloan, John, 1948- 7669, Oscar Wilde /, 2009
